[Event "BL 0910 SV Wattenscheid - SG Turm Trier"]
[Site "?"]
[Date "2010.04.11"]
[Round "15.6"]
[White "Dinstuhl, Volkmar Dr"]
[Black "Kolbus, Dietmar"]
[Result "1/2-1/2"]
[WhiteElo "2417"]
[BlackElo "2355"]
[PlyCount "102"]
[EventDate "2010.??.??"]

1. d4 d5 2. c4 c6 3. Nc3 Nf6 4. Nf3 dxc4 5. a4 Bf5 6. e3 Bd3 7. Bxd3 cxd3 8.
Qxd3 e6 9. O-O Na6 10. Rd1 Be7 11. e4 h6 12. Ne5 Nb4 13. Qg3 Kf8 14. Be3 Kg8
15. Rac1 Qe8 16. Qf3 Kh7 17. g4 Rf8 18. Kg2 Rd8 19. h3 Nd7 20. Nc4 Nb6 21. Na5
Rd7 22. Qe2 Qb8 23. Nb3 Rdd8 24. a5 Nc8 25. Rd2 Kg8 26. Rcd1 Qc7 27. Qc4 Na6
28. Rc1 Rfe8 29. Qe2 Qb8 30. Qf3 Nb4 31. d5 exd5 32. exd5 Nxd5 33. Nxd5 cxd5
34. Rxd5 Rxd5 35. Qxd5 Rd8 36. Qf3 Bd6 37. Rc2 Ne7 38. Rd2 Bc7 39. Rxd8+ Bxd8
40. Qe4 b6 41. axb6 axb6 42. Nd4 Qc8 43. b4 Qd7 44. b5 Nd5 45. Nc6 Bf6 46. Bd4
Bxd4 47. Qxd4 Qe6 48. Kf1 Kh8 49. Nd8 Qd7 50. Nc6 Qe6 51. Nd8 Qd7 1/2-1/2

[Event "BL 0910 SV Wattenscheid - SG Turm Trier"]
[Site "?"]
[Date "2010.04.11"]
[Round "15.7"]
[White "Cioara, Andrei Nestor"]
[Black "Tereick, Benjamin"]
[Result "1/2-1/2"]
[WhiteElo "2415"]
[BlackElo "2377"]
[PlyCount "64"]
[EventDate "2010.??.??"]

1. d4 e6 2. g3 c5 3. Nf3 d5 4. Bg2 Nc6 5. O-O Qb6 6. c4 cxd4 7. cxd5 exd5 8.
Na3 Be7 9. Qb3 Qxb3 10. axb3 Nf6 11. Nb5 O-O 12. Nfxd4 Nxd4 13. Nxd4 Bc5 14.
Rd1 Bg4 15. Bg5 Rfe8 16. Bxf6 gxf6 17. Rd2 Bxd4 18. Rxd4 Bxe2 19. Rxd5 Re7 20.
h3 Rc8 21. Rd2 Ba6 22. Ra4 Rc5 23. Bf3 Kg7 24. Kg2 Re6 25. Rd7 Bb5 26. Rg4+ Rg5
27. Rxb7 Rxg4 28. hxg4 a6 29. Rc7 Rd6 30. Be4 Bd7 31. Bf3 Be6 32. Rc6 Rd2
1/2-1/2

[Event "BL 0910 SV Wattenscheid - SG Turm Trier"]
[Site "?"]
[Date "2010.04.11"]
[Round "15.8"]
[White "Straeter, Timo"]
[Black "Korman, Maxim"]
[Result "0-1"]
[WhiteElo "2347"]
[BlackElo "2177"]
[PlyCount "158"]
[EventDate "2010.??.??"]

1. Nf3 d5 2. c4 e6 3. d4 Nf6 4. Nc3 dxc4 5. e4 c5 6. e5 Nd5 7. Bxc4 Nb6 8. Bb5+
Bd7 9. dxc5 Bxc5 10. Bd3 Bc6 11. O-O h6 12. Qe2 N8d7 13. Ne4 Be7 14. a3 Nc5 15.
Nxc5 Bxc5 16. b4 Be7 17. Bd2 Qd7 18. Rfd1 a6 19. Bc2 Bd5 20. Be3 Qc7 21. Rac1
Nc4 22. Bf4 b5 23. Nd2 g5 24. Bg3 h5 25. h3 h4 26. Bh2 Nxd2 27. Qxd2 Qb7 28. f3
O-O-O 29. Qe3 Kb8 30. Kh1 g4 31. hxg4 h3 32. Rxd5 hxg2+ 33. Kxg2 Qxd5 34. Rd1
Qb7 35. Rc1 Qa7 36. Qxa7+ Kxa7 37. Bg1+ Kb8 38. Be3 Rc8 39. Be4 Rxc1 40. Bxc1
Re8 41. Bd2 Rd8 42. Bc3 Bg5 43. Kg3 Bc1 44. f4 Rc8 45. Be1 Rc4 46. Kf3 Bxa3 47.
Bd3 Rc1 48. Bd2 Ra1 49. Ke2 Rg1 50. Kf3 Bc1 51. Bc3 Rd1 52. Ke2 Rh1 53. f5 Rh3
54. Bd4 Rg3 55. Bc5 Rxg4 56. f6 Rg8 57. Kf3 Bh6 58. Bd4 Rd8 59. Ke4 Rc8 60. Be2
Bf8 61. Bh5 Rc7 62. Bb6 Rd7 63. Ba5 Kb7 64. Ke3 Bh6+ 65. Ke4 Kc6 66. Bf3 Bd2
67. Bh5 Bc3 68. Kf4 Rd4+ 69. Ke3 Rd5 70. Bxf7 Kd7 71. Bg6 Bxe5 72. f7 Bd6 73.
Be4 Rh5 74. Bb7 Rh8 75. Be4 Rf8 76. Bg6 Bc7 77. Bxc7 Kxc7 78. Kd4 Kd6 79. Bh5
Rh8 0-1

[Event "BL 0910 Turm Emsdetten - SC Eppingen"]
[Site "?"]
[Date "2010.04.11"]
[Round "15.1"]
[White "Tiviakov, Sergei"]
[Black "Giri, Anish"]
[Result "1/2-1/2"]
[WhiteElo "2670"]
[BlackElo "2552"]
[PlyCount "78"]
[EventDate "2010.??.??"]

1. e4 e5 2. Nf3 Nf6 3. Nxe5 d6 4. Nf3 Nxe4 5. Bd3 Nf6 6. O-O Be7 7. h3 O-O 8.
c3 Re8 9. Bc2 b6 10. d4 Bb7 11. Nbd2 Bf8 12. Nc4 Nbd7 13. Bg5 h6 14. Bh4 g5 15.
Bg3 Ne4 16. Nfd2 Nxg3 17. fxg3 Nf6 18. Re1 Rxe1+ 19. Qxe1 Qe7 20. Qxe7 Bxe7 21.
Ne3 Bf8 22. Nf5 Re8 23. Bd3 g4 24. Kf2 Bc8 25. Re1 Rxe1 26. Kxe1 gxh3 27. gxh3
Nd5 28. Ke2 Ne7 29. Nxe7+ Bxe7 30. h4 Bg4+ 31. Ke3 d5 32. Nf1 f5 33. Nh2 Bd6
34. Nxg4 fxg4 35. Kf2 Kg7 36. Bf5 h5 37. Be6 c5 38. Bxd5 cxd4 39. cxd4 Kh6
1/2-1/2

[Event "BL 0910 Turm Emsdetten - SC Eppingen"]
[Site "?"]
[Date "2010.04.11"]
[Round "15.2"]
[White "Spoelman, Wouter"]
[Black "Postny, Evgeny"]
[Result "1-0"]
[WhiteElo "2554"]
[BlackElo "2651"]
[PlyCount "61"]
[EventDate "2010.??.??"]

1. d4 Nf6 2. c4 e6 3. Nc3 Bb4 4. e3 b6 5. Nge2 Ne4 6. f3 Bxc3+ 7. bxc3 Nd6 8.
c5 bxc5 9. dxc5 Nb7 10. Ba3 Qe7 11. Ng3 O-O 12. Bd3 Nxc5 13. O-O Qd6 14. Be2
Ba6 15. c4 Rc8 16. Qc1 Bb7 17. Rb1 Bc6 18. Rb5 Nba6 19. Ra5 Bb7 20. Bxc5 Nxc5
21. Qa3 Na6 22. c5 Nxc5 23. Rxc5 Bd5 24. Qc3 Rab8 25. Rd1 Qf8 26. Ba6 Rd8 27.
Rxc7 Bc6 28. Rxa7 Ra8 29. Rxa8 Rxa8 30. Bc4 Qc5 31. Qd4 1-0

[Event "BL 0910 Turm Emsdetten - SC Eppingen"]
[Site "?"]
[Date "2010.04.11"]
[Round "15.3"]
[White "Braun, Arik"]
[Black "Feygin, Michael"]
[Result "1/2-1/2"]
[WhiteElo "2519"]
[BlackElo "2546"]
[PlyCount "61"]
[EventDate "2010.??.??"]

1. d4 e6 2. Nf3 Nf6 3. c4 c5 4. d5 exd5 5. cxd5 d6 6. Nc3 g6 7. e4 Bg7 8. Bd3
a6 9. a4 Bg4 10. h3 Bxf3 11. Qxf3 Nbd7 12. Qe2 O-O 13. O-O Re8 14. Be3 Rc8 15.
Ra3 c4 16. Bc2 Nc5 17. f3 Nh5 18. Qd2 Qh4 19. Ne2 Qe7 20. Nd4 Nf6 21. Rc3 Nfd7
22. Rxc4 Nxe4 23. Nc6 Nxd2 24. Nxe7+ Kf8 25. Rxc8 Nxf1 26. Nxg6+ fxg6 27. Rxe8+
Kxe8 28. Kxf1 Bxb2 29. Ke2 Kf7 30. g4 Kg7 31. f4 1/2-1/2

[Event "BL 0910 Turm Emsdetten - SC Eppingen"]
[Site "?"]
[Date "2010.04.11"]
[Round "15.4"]
[White "Janssen, Ruud"]
[Black "Medvegy, Zoltan"]
[Result "1-0"]
[WhiteElo "2520"]
[BlackElo "2556"]
[PlyCount "113"]
[EventDate "2010.??.??"]

1. c4 e5 2. Nc3 Nc6 3. Nf3 Bb4 4. Qc2 Nf6 5. a3 Bxc3 6. Qxc3 Qe7 7. e3 d5 8. d4
exd4 9. Nxd4 Ne5 10. cxd5 Nxd5 11. Qb3 c6 12. Be2 O-O 13. O-O Rd8 14. Rd1 Nf6
15. Bd2 c5 16. Nf3 Bg4 17. Bc3 Nxf3+ 18. gxf3 Be6 19. Bc4 Nd5 20. Be5 Nb6 21.
Bxe6 fxe6 22. e4 Qg5+ 23. Bg3 c4 24. Qe3 Qxe3 25. fxe3 Na4 26. Be5 b5 27. Kf1
Nc5 28. Ke2 Kf7 29. Rxd8 Rxd8 30. Rg1 g6 31. h4 h5 32. Rg5 Nb3 33. Bc3 Ra8 34.
f4 Rg8 35. Kf3 Kf8 36. f5 gxf5 37. Rxh5 fxe4+ 38. Kxe4 Ke7 39. Ke5 Kd7 40. Rh7+
Kc6 41. Kxe6 Nc5+ 42. Kf7 Rg3 43. Rh6+ Kd5 44. Rh5+ Kc6 45. Re5 Rf3+ 46. Kg6
Rg3+ 47. Kf7 Rf3+ 48. Ke7 Rh3 49. h5 Rh2 50. Kf7 Nd3 51. Re6+ Kd5 52. h6 a5 53.
e4+ Kc5 54. Bxa5 b4 55. Bxb4+ Nxb4 56. axb4+ Kb5 57. Kg7 1-0

[Event "BL 0910 Turm Emsdetten - SC Eppingen"]
[Site "?"]
[Date "2010.04.11"]
[Round "15.6"]
[White "Fiebig, Thomas"]
[Black "Paehtz, Elisabeth"]
[Result "1/2-1/2"]
[WhiteElo "2416"]
[BlackElo "2482"]
[PlyCount "70"]
[EventDate "2010.??.??"]

1. Nf3 Nf6 2. d4 d5 3. c4 c6 4. e3 Bg4 5. h3 Bxf3 6. Qxf3 e6 7. Nc3 Nbd7 8. Bd3
Bb4 9. O-O O-O 10. a3 Ba5 11. b4 Bc7 12. Bb2 Nb6 13. cxd5 Qd6 14. g3 exd5 15.
b5 Rfe8 16. Rfc1 Qe6 17. Bf1 Nc4 18. Bxc4 dxc4 19. Kg2 Ba5 20. bxc6 bxc6 21.
Rc2 Bxc3 22. Bxc3 Ne4 23. Qf4 g5 24. Qg4 Qd5 25. Kh2 Rab8 26. Be1 a5 27. Rac1
Nd6 28. Qe2 Re6 29. g4 Rbe8 30. Rxc4 Nxc4 31. Rxc4 Rh6 32. Rc5 Rxh3+ 33. Kxh3
Qh1+ 34. Kg3 Qg1+ 35. Kh3 Qh1+ 1/2-1/2

[Event "BL 0910 Turm Emsdetten - SC Eppingen"]
[Site "?"]
[Date "2010.04.11"]
[Round "15.7"]
[White "Mann, Christian"]
[Black "Kabatianski, Alexandr"]
[Result "0-1"]
[WhiteElo "2454"]
[BlackElo "2420"]
[PlyCount "45"]
[EventDate "2010.??.??"]

1. e4 c5 2. c3 d5 3. exd5 Qxd5 4. d4 Nf6 5. Nf3 e6 6. Bd3 Nc6 7. O-O Be7 8. Be3
O-O 9. Qe2 cxd4 10. cxd4 Nb4 11. Nc3 Qd6 12. Bc4 a6 13. Ne5 b5 14. Bb3 Bb7 15.
a4 bxa4 16. Rxa4 Rab8 17. Rd1 Bd5 18. Bxd5 Nfxd5 19. Nxd5 Qxd5 20. Bd2 Qb3 21.
Bxb4 Rxb4 22. Rxb4 Bxb4 23. Qxa6 0-1

[Event "BL 0910 Turm Emsdetten - SC Eppingen"]
[Site "?"]
[Date "2010.04.11"]
[Round "15.8"]
[White "Richter, Christian"]
[Black "Vogt, Lothar"]
[Result "0-1"]
[WhiteElo "2412"]
[BlackElo "2422"]
[PlyCount "114"]
[EventDate "2010.??.??"]

1. d4 Nf6 2. c4 g6 3. g3 Bg7 4. Bg2 O-O 5. Nf3 d6 6. Nc3 c6 7. O-O Bf5 8. Ne1
Qc8 9. e4 Bh3 10. f3 Bxg2 11. Kxg2 c5 12. d5 Nbd7 13. Nd3 Nb6 14. Qb3 e6 15.
dxe6 Qxe6 16. Nd5 Nfxd5 17. exd5 Qf6 18. Be3 Rfe8 19. Rae1 Re7 20. Bd2 Rae8 21.
Bc3 Qg5 22. Rxe7 Rxe7 23. Bxg7 Kxg7 24. Qc2 Qf5 25. Kf2 Qf6 26. b3 Qd4+ 27. Kg2
Nd7 28. Rd1 Re3 29. Rd2 a6 30. Qd1 Qf6 31. Kf2 Re7 32. Re2 Qd4+ 33. Kg2 Re3 34.
Rd2 Qf6 35. Kf2 Re7 36. Re2 Qd4+ 37. Kg2 Kf8 38. Rxe7 Kxe7 39. Qe2+ Kd8 40. Qd2
Kc7 41. Qc2 b5 42. Kf1 h5 43. Kg2 Qe3 44. Qd1 Nb6 45. Qc2 h4 46. gxh4 Qd4 47.
Nb2 Qxh4 48. Qc3 Qg5+ 49. Kf2 Qf4 50. Kg2 b4 51. Qe1 a5 52. Qe2 Nd7 53. Nd3 Qd4
54. Nf2 a4 55. Qe8 Qb2 56. Qa8 Qxa2 57. Qa5+ Kc8 0-1

[Event "BL 0910 Solinger SG - Hamburger SK"]
[Site "?"]
[Date "2010.04.11"]
[Round "15.2"]
[White "Werle, Jan"]
[Black "Rogozenco, Dorian"]
[Result "1-0"]
[WhiteElo "2563"]
[BlackElo "2541"]
[PlyCount "45"]
[EventDate "2010.??.??"]

1. d4 Nf6 2. c4 e6 3. Nf3 c5 4. d5 b5 5. dxe6 fxe6 6. cxb5 a6 7. bxa6 d5 8. g3
Be7 9. Bg2 O-O 10. O-O Nc6 11. Nc3 Rxa6 12. Bg5 Bb7 13. Rc1 Nd7 14. Bxe7 Nxe7
15. Ne1 Qa8 16. b3 d4 17. Na4 Rc8 18. Bxb7 Qxb7 19. Nd3 Qa7 20. Rc4 Nf5 21.
Naxc5 Rxc5 22. Nxc5 Nxc5 23. Qc1 1-0

[Event "BL 0910 Solinger SG - Hamburger SK"]
[Site "?"]
[Date "2010.04.11"]
[Round "15.3"]
[White "Hansen, Sune Berg"]
[Black "Edouard, Romain"]
[Result "1/2-1/2"]
[WhiteElo "2552"]
[BlackElo "2620"]
[PlyCount "49"]
[EventDate "2010.??.??"]

1. d4 Nf6 2. Nf3 e6 3. c4 c5 4. e3 d5 5. cxd5 exd5 6. Bb5+ Bd7 7. Bxd7+ Nbxd7
8. dxc5 Nxc5 9. Nc3 Be7 10. O-O O-O 11. b3 Nce4 12. Ne2 Rc8 13. Bb2 Qa5 14. a3
Rfe8 15. Rc1 Qa6 16. Ned4 g6 17. h3 Rxc1 18. Qxc1 Nc5 19. Qc2 Nd3 20. a4 Nxb2
21. Qxb2 Rc8 22. Rc1 Rxc1+ 23. Qxc1 Qb6 24. Qc8+ Kg7 25. Qc3 1/2-1/2

[Event "BL 0910 Solinger SG - Hamburger SK"]
[Site "?"]
[Date "2010.04.11"]
[Round "15.5"]
[White "Mueller, Karsten Dr"]
[Black "Ragger, Markus"]
[Result "0-1"]
[WhiteElo "2523"]
[BlackElo "2561"]
[PlyCount "94"]
[EventDate "2010.??.??"]

1. e4 e5 2. Nf3 Nc6 3. Nc3 Nf6 4. Bb5 Nd4 5. O-O Nxb5 6. Nxb5 c6 7. Nc3 d6 8.
d4 Qc7 9. h3 Be7 10. a4 O-O 11. Re1 Re8 12. b3 b6 13. Qd3 Bb7 14. Bb2 Rad8 15.
Qc4 Qb8 16. dxe5 dxe5 17. Ne2 Nd7 18. Ng3 g6 19. Rad1 Bf6 20. Nf1 Nc5 21. Rxd8
Rxd8 22. Qc3 Ne6 23. N1h2 Nd4 24. Ng4 Bg7 25. Nxd4 exd4 26. Qf3 c5 27. Nf6+ Kh8
28. Nd5 Qe5 29. c4 f5 30. Bc1 Bxd5 31. cxd5 Rxd5 32. Bf4 Qe6 33. exd5 Qxe1+ 34.
Kh2 Qe4 35. d6 Qxf3 36. gxf3 Bf6 37. d7 Kg8 38. Kg2 Bd8 39. Bb8 a5 40. Kf1 Kf7
41. Ke2 Ke6 42. Kd3 Kxd7 43. Bg3 Kc6 44. Kc4 h5 45. f4 h4 46. Bh2 Bc7 47. f3 g5
0-1

[Event "BL 0910 Solinger SG - Hamburger SK"]
[Site "?"]
[Date "2010.04.11"]
[Round "15.6"]
[White "Ernst, Sipke"]
[Black "Heinemann, Thies"]
[Result "1-0"]
[WhiteElo "2589"]
[BlackElo "2484"]
[PlyCount "93"]
[EventDate "2010.??.??"]

1. d4 Nf6 2. c4 e6 3. Nc3 Bb4 4. e3 b6 5. f3 Nh5 6. Nh3 f5 7. Bd3 O-O 8. O-O
Nc6 9. Qc2 Nf6 10. Ne2 Be7 11. a3 a5 12. Bd2 g6 13. e4 fxe4 14. fxe4 e5 15. Bh6
Re8 16. c5 Ng4 17. Bc4+ Kh8 18. Qd2 Ba6 19. Bxa6 Rxa6 20. d5 Bxc5+ 21. Kh1 Nxh6
22. Qxh6 Bf8 23. Rxf8+ Rxf8 24. Ng5 Qe7 25. Nxh7 Qg7 26. Qxg7+ Kxg7 27. Nxf8
Nb8 28. Rf1 b5 29. g4 c6 30. h4 cxd5 31. exd5 Rd6 32. Ng3 Rxd5 33. h5 Rd3 34.
Kg2 gxh5 35. g5 h4 36. Nh5+ Kg8 37. Ng6 h3+ 38. Kh2 Nc6 39. Rf8+ Kh7 40. Nh4
Rd2+ 41. Kxh3 Rd3+ 42. Kg2 Rd2+ 43. Kf1 Rd1+ 44. Kf2 Rd2+ 45. Ke1 Rxb2 46. Rf7+
Kg8 47. Rxd7 1-0

[Event "BL 0910 Solinger SG - Hamburger SK"]
[Site "?"]
[Date "2010.04.11"]
[Round "15.7"]
[White "Huschenbeth, Niclas"]
[Black "Naumann, Alexander"]
[Result "0-1"]
[WhiteElo "2411"]
[BlackElo "2522"]
[PlyCount "70"]
[EventDate "2010.??.??"]

1. e4 e5 2. Nf3 Nc6 3. Bb5 a6 4. Bxc6 dxc6 5. O-O f6 6. d4 exd4 7. Nxd4 c5 8.
Ne2 Qxd1 9. Rxd1 Bd7 10. Be3 O-O-O 11. Nbc3 Re8 12. Rd2 Bc6 13. Rad1 b6 14. a4
Ne7 15. a5 Kb7 16. Bf4 g5 17. Bg3 h5 18. h4 b5 19. f3 b4 20. Nd5 Bxd5 21. exd5
Nf5 22. hxg5 Rxe2 23. Rxe2 Nxg3 24. Re8 fxg5 25. d6 cxd6 26. Rd5 Bg7 27. Rxh8
Bxh8 28. Rxg5 h4 29. Kf2 Bxb2 30. Ke1 Be5 31. Kd1 Kc6 32. Rg4 Nf5 33. Ke2 Kb5
34. Rg5 Nd4+ 35. Kd3 Ne6 0-1

[Event "BL 0910 Solinger SG - Hamburger SK"]
[Site "?"]
[Date "2010.04.11"]
[Round "15.8"]
[White "Hoffmann, Michael"]
[Black "Van Delft, Merijn"]
[Result "1-0"]
[WhiteElo "2513"]
[BlackElo "2374"]
[PlyCount "163"]
[EventDate "2010.??.??"]

1. d4 Nf6 2. c4 g6 3. g3 Bg7 4. Bg2 O-O 5. Nf3 d6 6. O-O Nc6 7. Nc3 a6 8. Qd3
Bd7 9. d5 Nb4 10. Qd1 a5 11. e4 Bg4 12. h3 Bxf3 13. Bxf3 Nd7 14. h4 Nc5 15. Be3
Qe8 16. Rb1 a4 17. Bxc5 dxc5 18. Nb5 Ra5 19. a3 Na6 20. Qe1 b6 21. e5 e6 22. d6
Qb8 23. Rd1 cxd6 24. Nxd6 Nc7 25. Bc6 f6 26. Qe2 fxe5 27. h5 gxh5 28. Qxh5 Nd5
29. Rxd5 Qc7 30. Rxe5 Qxc6 31. Rxe6 Ra7 32. Rfe1 Qf3 33. Qxf3 Rxf3 34. Kg2 Rb3
35. Re8+ Bf8 36. R1e6 Kg7 37. Nb5 Rd7 38. Re2 Kf7 39. Ra8 Bg7 40. Rxa4 Rxb2 41.
Rxb2 Bxb2 42. Ra6 Rd2 43. Rxb6 Bd4 44. Nxd4 Rxd4 45. Rh6 Rxc4 46. Rxh7+ Ke6 47.
f4 Ra4 48. Kf3 Rxa3+ 49. Kg4 c4 50. f5+ Kd6 51. Rh2 c3 52. Re2 Ra4+ 53. Kh5 Rc4
54. f6 Rc7 55. Kg6 c2 56. f7 Rxf7 57. Rxc2 Rf8 58. Rd2+ Ke6 59. Re2+ Kd6 60.
Kg7 Rf5 61. Kh6 Rf6+ 62. Kg7 Rf5 63. Kg6 Rf8 64. Re3 Rg8+ 65. Kf7 Rg4 66. Kf6
Rg8 67. Re6+ Kd5 68. Re5+ Kd4 69. Rg5 Rf8+ 70. Kg7 Rf3 71. Kh6 Ke4 72. Rg6 Kf5
73. Kh5 Ra3 74. g4+ Kf4 75. Rf6+ Kg3 76. g5 Ra5 77. Rf1 Rb5 78. Kh6 Kh4 79.
Rf4+ Kg3 80. Ra4 Rb6+ 81. g6 Rc6 82. Kh7 1-0

[Event "BL 0910 SC Remagen - Werder Bremen"]
[Site "?"]
[Date "2010.04.11"]
[Round "15.3"]
[White "Eljanov, Pavel"]
[Black "Swinkels, Robin"]
[Result "1/2-1/2"]
[WhiteElo "2717"]
[BlackElo "2511"]
[PlyCount "170"]
[EventDate "2010.??.??"]

1. Nf3 Nf6 2. c4 b6 3. g3 Bb7 4. Bg2 e6 5. O-O Be7 6. d4 O-O 7. Bf4 d6 8. Qc2
c5 9. dxc5 bxc5 10. Nc3 Qb6 11. Rfd1 Rd8 12. Qb3 Qxb3 13. axb3 Ne8 14. g4 Nc6
15. e3 Nb4 16. Ne1 Bxg2 17. Kxg2 a6 18. Nd3 Nxd3 19. Rxd3 Rdb8 20. Ne4 Rb6 21.
Rad1 h6 22. Bg3 Rab8 23. Ra1 R8b7 24. Ra3 Rc6 25. f3 Rbb6 26. Be1 Nf6 27. Ba5
Rb7 28. Nd2 Ne8 29. Ra2 Nf6 30. Bc3 Ne8 31. Kg3 Bf6 32. h4 Bxc3 33. bxc3 Kf8
34. h5 Ke7 35. e4 Rcb6 36. Re3 e5 37. Re1 Nc7 38. Ra3 Rc6 39. Rea1 Rbb6 40. Kf2
Ne6 41. Ke2 Nf4+ 42. Kd1 g6 43. Kc2 gxh5 44. gxh5 Nxh5 45. Rh1 Nf4 46. Rxh6 Rc8
47. Rh1 Rg8 48. Rha1 Rg2 49. Rxa6 Rxa6 50. Rxa6 Ne2 51. Ra1 Rh2 52. b4 cxb4 53.
cxb4 Nd4+ 54. Kd3 Rf2 55. b5 Nxf3 56. Nb3 Ng5 57. Ra7+ Kd8 58. c5 dxc5 59. b6
c4+ 60. Kxc4 Nxe4 61. Kd5 Rb2 62. Ra3 Nd2 63. b7 Kc7 64. Nc5 Rb5 65. Ra8 Rxc5+
66. Kxc5 Ne4+ 67. Kd5 Nf6+ 68. Kxe5 Nd7+ 69. Kf5 Kxb7 70. Re8 Kc7 71. Re7 Kc8
72. Rxf7 Nb8 73. Ke6 Nc6 74. Kd6 Nb8 75. Ra7 Kd8 76. Rb7 Kc8 77. Rb6 Nd7 78.
Rc6+ Kd8 79. Rc1 Nb8 80. Rb1 Kc8 81. Rb2 Na6 82. Rc2+ Kb7 83. Rc1 Nb8 84. Rb1+
Kc8 85. Rxb8+ Kxb8 1/2-1/2

[Event "BL 0910 SC Remagen - Werder Bremen"]
[Site "?"]
[Date "2010.04.11"]
[Round "15.4"]
[White "Teske, Henrik"]
[Black "Fressinet, Laurent"]
[Result "0-1"]
[WhiteElo "2545"]
[BlackElo "2658"]
[PlyCount "78"]
[EventDate "2010.??.??"]

1. Nf3 d5 2. d4 Nf6 3. c4 c6 4. Nc3 e6 5. Qd3 dxc4 6. Qxc4 b5 7. Qd3 Nbd7 8. g3
Bb7 9. Bg2 a6 10. O-O c5 11. Bg5 Qb6 12. Rad1 Be7 13. Ne5 Bxg2 14. Kxg2 Qb7+
15. Qf3 Qxf3+ 16. Nxf3 c4 17. d5 exd5 18. Nxd5 Nxd5 19. Rxd5 Nb6 20. Rd4 f6 21.
Be3 Kf7 22. Rd2 Rab8 23. Rfd1 Rhd8 24. Bxb6 Rxd2 25. Nxd2 Rxb6 26. Kf1 f5 27.
Rc1 Rd6 28. Rc2 Rd8 29. e3 Bb4 30. Ke2 Bxd2 31. Rxd2 Rxd2+ 32. Kxd2 Ke6 33. Kc3
Kd5 34. f3 a5 35. Kd2 g5 36. h3 h5 37. Ke2 b4 38. h4 g4 39. e4+ Ke5 0-1

[Event "BL 0910 SC Remagen - Werder Bremen"]
[Site "?"]
[Date "2010.04.11"]
[Round "15.5"]
[White "Areshchenko, Alexander"]
[Black "Popovic, Petar"]
[Result "1/2-1/2"]
[WhiteElo "2667"]
[BlackElo "2496"]
[PlyCount "131"]
[EventDate "2010.??.??"]

1. e4 c5 2. Nf3 d6 3. d4 cxd4 4. Nxd4 Nf6 5. Nc3 a6 6. Bc4 e6 7. a4 Be7 8. O-O
O-O 9. Be3 Nc6 10. Kh1 Bd7 11. Qe2 Rc8 12. f4 Qc7 13. Bd3 Rfe8 14. Rae1 Nb4 15.
Qf3 e5 16. fxe5 dxe5 17. Nf5 Bxf5 18. Qxf5 Nxd3 19. cxd3 Qd7 20. Qxe5 Qxd3 21.
Qf4 Bd6 22. Qf5 Bb4 23. Bg5 Bxc3 24. bxc3 Rc6 25. Qf2 Qxc3 26. e5 Rxe5 27. Rc1
Qb3 28. Bxf6 gxf6 29. Rxc6 bxc6 30. Qxf6 Qe6 31. Qd8+ Kg7 32. Qc7 Rg5 33. h3
Qa2 34. Qxc6 Qd5 35. Qf6+ Kg8 36. Qb2 Rg6 37. Rc1 Rc6 38. Re1 Re6 39. Qb8+ Kg7
40. Qg3+ Rg6 41. Qc3+ Kh6 42. Qb2 Qf5 43. Rd1 Qf6 44. Rd4 Kg7 45. Qd2 h6 46.
Re4 Qa1+ 47. Kh2 Qf6 48. Qe2 Rg5 49. Qe1 Rg6 50. Kh1 Qc6 51. Qa1+ Qf6 52. Qa2
Qf1+ 53. Kh2 Qf6 54. Re1 Rg5 55. Qc4 Rf5 56. Qc7 Rg5 57. Re3 Qd4 58. Qc3 Qxc3
59. Rxc3 Rd5 60. Rc4 h5 61. Kg3 f6 62. Kf4 Kg6 63. Ke3 Rg5 64. Kf3 Rf5+ 65. Ke3
Rg5 66. Kf3 1/2-1/2

[Event "BL 0910 SC Remagen - Werder Bremen"]
[Site "?"]
[Date "2010.04.11"]
[Round "15.6"]
[White "Kipper, Jens"]
[Black "Nyback, Tomi"]
[Result "0-1"]
[WhiteElo "2393"]
[BlackElo "2615"]
[PlyCount "54"]
[EventDate "2010.??.??"]

1. Nf3 d5 2. d4 c6 3. c4 e6 4. Nc3 dxc4 5. Bg5 Be7 6. Bxe7 Nxe7 7. a4 Nd5 8. a5
c5 9. e4 Nb4 10. dxc5 Qxd1+ 11. Rxd1 N8a6 12. Bxc4 Nxc5 13. O-O Ke7 14. Rd2 Bd7
15. Ne5 Be8 16. f4 Rc8 17. f5 f6 18. Nf3 e5 19. Re1 Bc6 20. Bd5 Bxd5 21. Nxd5+
Nxd5 22. Rxd5 Rhd8 23. Rxd8 Rxd8 24. b4 Nd3 25. Rd1 Rd7 26. Rb1 Rc7 27. b5 Rc1+
0-1

[Event "BL 0910 SV Mülheim Nord - H.Handschuhsh"]
[Site "?"]
[Date "2010.04.11"]
[Round "15.2"]
[White "Tregubov, Pavel V"]
[Black "Ginsburg, Gennadi"]
[Result "1-0"]
[WhiteElo "2649"]
[BlackElo "2537"]
[PlyCount "61"]
[EventDate "2010.??.??"]

1. d4 Nf6 2. c4 e6 3. Nf3 d5 4. Nc3 c5 5. cxd5 cxd4 6. Qxd4 exd5 7. e4 Nc6 8.
Bb5 Nxe4 9. O-O Nf6 10. Bg5 Be7 11. Bxf6 Bxf6 12. Qc5 Be6 13. Bxc6+ bxc6 14.
Qxc6+ Kf8 15. Rad1 Rc8 16. Qa4 Rc7 17. Nd4 g6 18. Rfe1 Bg4 19. f3 Bc8 20. Nc6
Qd6 21. Nb4 Bd7 22. Qa5 Rxc3 23. Nxd5 Qc5+ 24. Qxc5+ Rxc5 25. Nxf6 Bf5 26. g4
Bc8 27. b4 Rc2 28. Re8+ Kg7 29. Rxh8 Kxf6 30. Rhd8 Bb7 31. R1d2 1-0

[Event "BL 0910 SV Mülheim Nord - H.Handschuhsh"]
[Site "?"]
[Date "2010.04.11"]
[Round "15.3"]
[White "Gurevic, Vladimir"]
[Black "Fridman, Daniel"]
[Result "1/2-1/2"]
[WhiteElo "2470"]
[BlackElo "2661"]
[PlyCount "40"]
[EventDate "2010.??.??"]

1. e4 c6 2. d4 d5 3. Nc3 dxe4 4. Nxe4 Bf5 5. Nc5 Nd7 6. Nxb7 Qc7 7. Nc5 Nxc5 8.
dxc5 Rd8 9. Bd3 e6 10. Nf3 Bxc5 11. O-O Ne7 12. Qe2 Bxd3 13. cxd3 O-O 14. Bg5
Rd5 15. Rac1 Nf5 16. Rc4 h6 17. Bf4 Bd6 18. Bxd6 Qxd6 19. Rfc1 c5 20. Qc2 Rb8
1/2-1/2

[Event "BL 0910 SV Mülheim Nord - H.Handschuhsh"]
[Site "?"]
[Date "2010.04.11"]
[Round "15.4"]
[White "Golod, Vitali"]
[Black "Chernov, Vadim"]
[Result "1/2-1/2"]
[WhiteElo "2602"]
[BlackElo "2433"]
[PlyCount "179"]
[EventDate "2010.??.??"]

1. d4 Nf6 2. c4 e6 3. Nf3 Nc6 4. g3 Bb4+ 5. Bd2 Qe7 6. Nc3 O-O 7. Bg2 Na5 8. b3
b6 9. Qc2 Bb7 10. O-O Rac8 11. a3 Bxa3 12. e4 Bb4 13. e5 Bxf3 14. Bxf3 Ne8 15.
Bg2 c6 16. Ra4 c5 17. d5 d6 18. f4 a6 19. Kh1 b5 20. cxb5 axb5 21. Nxb5 Bxd2
22. Qxd2 Nxb3 23. Qc3 c4 24. Ra7 Qd8 25. dxe6 fxe6 26. exd6 Rc5 27. Re1 Rxb5
28. Qxc4 Nxd6 29. Qxe6+ Nf7 30. Qc4 Qd2 31. Re8 Qd1+ 32. Bf1 Qd5+ 33. Qxd5 Rxd5
34. Raa8 Rd8 35. Raxd8 Nxd8 36. Bc4+ Nf7 37. Rxf8+ Kxf8 38. Bxb3 Nd6 39. Kg2 h5
40. Kh3 g6 41. Kh4 Kg7 42. Bc2 Kf6 43. Bd3 Nf7 44. h3 Nd6 45. g4 hxg4 46. hxg4
Nc8 47. g5+ Kf7 48. Kg3 Nd6 49. Kf3 Ne8 50. Ke4 Ng7 51. Ke5 Nh5 52. Bc4+ Ke7
53. Be2 Ng7 54. Bf3 Ne8 55. Be4 Kf7 56. Bd5+ Ke7 57. f5 gxf5 58. Kxf5 Kf8 59.
Kg6 Ng7 60. Kh7 Ne8 61. Bc4 Nd6 62. g6 Nf5 63. Be6 Ng7 64. Bd7 Nh5 65. Kh6 Nf6
66. Be6 Ke7 67. Bc4 Ne8 68. Bb5 Nd6 69. Kh7 Nf5 70. Bd3 Nd6 71. Bb5 Nf5 72. Bd3
Nd6 73. Bc2 Ne8 74. Kh6 Kf6 75. Ba4 Nd6 76. Kh7 Nf5 77. Bd7 Ne7 78. g7 Kg5 79.
Be8 Kh4 80. Bg6 Kg5 81. Be4 Kf6 82. Bd3 Kg5 83. Be2 Kf6 84. Bh5 Kg5 85. Bg6 Kf6
86. Kh6 Ng8+ 87. Kh7 Ne7 88. Bb1 Kg5 89. g8=N Nxg8 90. Kxg8 1/2-1/2

[Event "BL 0910 SV Mülheim Nord - H.Handschuhsh"]
[Site "?"]
[Date "2010.04.11"]
[Round "15.5"]
[White "Gerigk, Erasmus"]
[Black "Berelovich, Alexander"]
[Result "1/2-1/2"]
[WhiteElo "2335"]
[BlackElo "2551"]
[PlyCount "81"]
[EventDate "2010.??.??"]

1. e4 e6 2. d4 d5 3. Nd2 c5 4. Ngf3 Nf6 5. e5 Nfd7 6. c3 Nc6 7. Bd3 Be7 8. O-O
g5 9. dxc5 Ncxe5 10. Nxe5 Nxe5 11. Bb5+ Bd7 12. Bxd7+ Nxd7 13. b4 b6 14. cxb6
axb6 15. Nf3 Bf6 16. Nd4 Qc7 17. Nb5 Qc6 18. a4 Ke7 19. Re1 h5 20. Be3 Qc4 21.
Qd2 Rag8 22. Bd4 h4 23. Na3 Qc7 24. a5 bxa5 25. Nb5 Qf4 26. Be3 Qc4 27. Rxa5 h3
28. g3 Ra8 29. Nd4 Rxa5 30. bxa5 Rg8 31. Rb1 Rc8 32. Bxg5 Qxc3 33. Bxf6+ Nxf6
34. Qxc3 Rxc3 35. Ra1 Rc8 36. f3 Ra8 37. Kf2 Ra6 38. Ne2 Ne8 39. Nf4 Nd6 40.
Nxh3 Nc4 41. Nf4 1/2-1/2

[Event "BL 0910 SV Mülheim Nord - H.Handschuhsh"]
[Site "?"]
[Date "2010.04.11"]
[Round "15.6"]
[White "Levin, Felix"]
[Black "Schwalfenberg, Joerg"]
[Result "1/2-1/2"]
[WhiteElo "2481"]
[BlackElo "2317"]
[PlyCount "51"]
[EventDate "2010.??.??"]

1. d4 d5 2. c4 c6 3. Nf3 Nf6 4. e3 e6 5. b3 Nbd7 6. Bb2 Be7 7. Bd3 O-O 8. Nc3
b6 9. O-O Bb7 10. Qe2 c5 11. cxd5 exd5 12. Ba6 Qc8 13. Bxb7 Qxb7 14. Rfd1 Rfd8
15. Rac1 Rac8 16. dxc5 bxc5 17. Na4 Ne4 18. Nd2 Nd6 19. Nf3 Ne4 20. Ne5 Nxe5
21. Bxe5 f6 22. Bb2 f5 23. Ba3 c4 24. Bxe7 Qxe7 25. bxc4 Qa3 26. Nb2 1/2-1/2